00627nam a2200205Ia 450000500170000000800410001702000150005804000180007304100080009108200200009910000210011924500540014025000120019426000420020630000290024865000410027765000420031865000430036070000180040320241025145746.0210716s2005 xx 000 0 und d a818052082X cAIMIT LIBRARY aeng a519.3 21bFUDD aFudenberg, Drew. aGame theory /cBy Drew Fudenberg and Jean Tirole. a1st ed. aNew Delhi :bAne Books India ,c2005. axxiii,579p. ;bPBc25 cm aStatic games of complete information aDynamic games of complete information aStatic games of incomplete information aTirole, Jean.